01738 2200193 4500001002100000005001500021035002000036008004100056245003900097100001700136250000600153260003300159300001200192084001400204082000800218650001000226520129600236990001201532INLIS00000000000112320240522085748 a0010-0524000358240522 1 ind 1 aGejolak Jiwa Remaja /cMaria Celia aCelia, Maria a1 aJakarta :bBintang Indonesia a128 hlm a813 MAR g a813 4aFiksi aNovel yang berjudul Gejolak Jiwa Remaja ini menceritakan pertengkaran antara Rangga dan Wulan yang sudah terjadi sebelum mereka kenal yang mana pertengkaran itu berawal ketika mereka saling bertemu di jalan, pada saat itu mobil yang sedang dinaiki Wulan bersama sopirnya telah memotong jalan roda dua yang pada saat itu ada sebuah sepeda motor yang dikendarai oleh Rangga hendak menuju ke sekolah untuk mengikuti upacara hari Senin, hingga membuat Rangga berhenti mendadak. Untung saja Rangga memegang erat stang motornya hingga ia terselamatkan. Rangga sangat jengkel lalu ia berteriak syetannn. Hingga teriakan itu didengarkan oleh seorang gadis yang turun dari dalam mobil tersebut rupanya dia adalah Wulan gadis yang cantiknya seperti bidadari turun dari khayangan. Jantung Rangga berdebar seketika melihat gadis itu, begitupun Wulan jantungnya juga berdebar begitu kencangnya. Rangga menghampiri Wulan dan memaki-maki Wulan karena menurut Rangga ini jalan umum bukan milik nenek moyang gadis tersebut dan Rangga tidak terima mentang-mentang anak orang kaya seenaknya saja dijalanan. Keduanya saling beradu kekuatan vokal namun dengan mata saling memandang ke wajah lawan, lalu Wulan menangis. Dan Rangga meninggalkan wulan begitu saja sambil berkata Dasar perempuan bisanya Cuma nangis. a0744101